Carregant...

Alpha /

Dades bibliogràfiques
Autor principal: Ramakrishnan, T. D.
Format: Printed Book
Idioma:English
Publicat: Kottayam: D.C.Books, c2016.
Matèries:
LEADER 00517 a2200157 4500
008 150103s9999 000 0 eng
020 |a 9788126439119 
082 |a 813 
100 |a Ramakrishnan, T. D. 
245 |a Alpha / 
260 |a Kottayam:  |b D.C.Books,  |c c2016. 
300 |a 117 p. 
650 |a Malayalam fiction 
942 |c BK 
999 |c 308568  |d 308568 
952 |0 0  |1 0  |2 ddc  |4 0  |6 813_000000000000000_RAM_AL  |7 0  |9 354126  |a DRA  |b DRA  |c ST1  |d 2018-01-12  |i 10059  |l 7  |o 813 RAM/AL  |p DRA10059  |r 2021-10-28  |s 2021-04-23  |v 100.00  |w 2018-01-12  |y BK